Normal view
MARC view
- ALUMINUM ALLOYS- RAPID SOLIDIFICATION PROCESSING- CONGRESSES, POWDER METALLURGY- CONGRESSES, ALUMINUM ALLOYS- CONGRESSES
Entry Topical Term
001 - CONTROL NUMBER
- control field: 59409
003 - CONTROL NUMBER IDENTIFIER
- control field: NUST
005 - DATE AND TIME OF LATEST TRANSACTION
- control field: 20210628202333.0
008 - FIXED-LENGTH DATA ELEMENTS
- fixed length control field: 210628|| aca||aabn | a|a d
040 ## - CATALOGING SOURCE
- Original cataloging agency: NUST
- Transcribing agency: NUST
150 ## - HEADING--TOPICAL TERM
- Topical term or geographic name entry element: ALUMINUM ALLOYS- RAPID SOLIDIFICATION PROCESSING- CONGRESSES, POWDER METALLURGY- CONGRESSES, ALUMINUM ALLOYS- CONGRESSES
670 ## - SOURCE DATA FOUND
- Source citation: Work cat.: (NUST): Fine, Morris. E ,Stark, Edgar . A 59408, Rapidly solidified powder aluminum alloys, 1986
